[Event "XVIII Festival A"]
[Site "Robecchetto con Induno ITA"]
[Date "2007.12.29"]
[Round "4"]
[White "Primerano, Carlo"]
[Black "Brioschi, Camillo"]
[Result "1/2-1/2"]
[WhiteElo "1761"]
[BlackElo "1943"]
[PlyCount "70"]
[EventDate "2007.12.27"]

1. d4 Nf6 2. c4 g6 3. Nc3 d5 4. Nf3 Bg7 5. Bg5 c6 6. e3 Bg4 7. h3 Bxf3 8. Qxf3
e6 9. cxd5 exd5 10. Bd3 Nbd7 11. O-O O-O 12. b4 a6 13. a4 Qc7 14. Bf4 Qd8 15.
Rfc1 Nh5 16. Ne2 Nxf4 17. Nxf4 Nf6 18. Rab1 Re8 19. b5 axb5 20. axb5 Qd7 21.
bxc6 bxc6 22. Rb6 Rec8 23. Qd1 Rab8 24. Qb3 Qa7 25. Rcxc6 Rxb6 26. Qxb6 Qa1+
27. Kh2 Rxc6 28. Qxc6 Qa2 29. Kg3 g5 30. Ne2 Qa3 31. Bf5 h5 32. Kf3 Qa2 33.
Qc8+ Bf8 34. Bd3 Ne4 35. Qf5 Nd2+ 1/2-1/2

[Event "XVIII Festival A"]
[Site "Robecchetto con Induno ITA"]
[Date "2007.12.29"]
[Round "4"]
[White "Quirico, Paolo"]
[Black "Damia, Angelo"]
[Result "0-1"]
[WhiteElo "2092"]
[BlackElo "2266"]
[PlyCount "40"]
[EventDate "2007.12.27"]

1. d4 d5 2. Nf3 Nf6 3. Bf4 e6 4. e3 Bd6 5. Ne5 c6 6. Nd2 Qc7 7. Bd3 Nbd7 8.
Nxd7 Bxd7 9. Bxd6 Qxd6 10. c4 e5 11. dxe5 Qxe5 12. O-O O-O 13. Qc2 Qh5 14. Nf3
Rae8 15. cxd5 Nxd5 16. Qa4 Bg4 17. Be2 Re6 18. h3 Bxh3 19. gxh3 Qxh3 20. Ng5
Rg6 0-1

[Event "XVIII Festival A"]
[Site "Robecchetto con Induno ITA"]
[Date "2007.12.29"]
[Round "4"]
[White "Raselli, Claudio"]
[Black "Burlando, Alessandro"]
[Result "1/2-1/2"]
[WhiteElo "1958"]
[BlackElo "2058"]
[PlyCount "88"]
[EventDate "2007.12.27"]

1. d4 Nf6 2. Nf3 g6 3. Nbd2 Bg7 4. e4 d6 5. Bd3 O-O 6. O-O c5 7. c3 cxd4 8.
Nxd4 Nbd7 9. Qe2 Nh5 10. N2f3 a6 11. Be3 Nc5 12. Bc2 e5 13. Nb3 Ne6 14. g3 Nf6
15. Nh4 Qe7 16. Rad1 Nc5 17. Nxc5 dxc5 18. f3 Be6 19. a3 c4 20. Rd2 Qc7 21.
Rfd1 Rfd8 22. Ng2 Nd7 23. Qf2 Bf8 24. Kh1 b5 25. Qe2 Nc5 26. Bxc5 Bxc5 27. Ne3
Bxe3 28. Qxe3 Kg7 29. Kg2 h6 30. Kf2 g5 31. Ke2 Kf6 32. Rxd8 Rxd8 33. Rxd8 Qxd8
34. Qd2 Qxd2+ 35. Kxd2 Ke7 36. Ke3 Kd6 37. f4 f6 38. fxg5 fxg5 39. Bd1 a5 40.
Bh5 Bd7 41. Bg6 Kc5 42. Bf5 Be8 43. Bg4 b4 44. axb4+ axb4 1/2-1/2

[Event "XVIII Festival A"]
[Site "Robecchetto con Induno ITA"]
[Date "2007.12.29"]
[Round "4"]
[White "Romano, Zeno"]
[Black "Cervini, Gian Piero"]
[Result "1-0"]
[WhiteElo "1931"]
[BlackElo "1766"]
[PlyCount "93"]
[EventDate "2007.12.27"]

1. e4 d6 2. d4 Nf6 3. Nc3 g6 4. f4 Bg7 5. Nf3 O-O 6. Be3 c6 7. Qd2 b5 8. Bd3
Na6 9. a3 Bb7 10. h3 Nc7 11. O-O a6 12. Rae1 Rc8 13. f5 e6 14. Bg5 Qd7 15. e5
Nfd5 16. Nxd5 Nxd5 17. f6 Bh8 18. Bh4 dxe5 19. dxe5 Qd8 20. Qh6 Nxf6 21. Ng5
Bg7 22. Nxf7 Rxf7 23. Qf4 Qd5 24. exf6 c5 25. Qg4 Bh8 26. Kh1 Rcf8 27. Be4 Qd7
28. Bxb7 Qxb7 29. Qxe6 Qc8 30. Qxc8 Rxc8 31. g4 h6 32. g5 hxg5 33. Bxg5 Rc6 34.
Re8+ Kh7 35. Re7 Kg8 36. Re5 Bxf6 37. Bxf6 Rfxf6 38. Rxf6 Rxf6 39. Rxc5 Kf7 40.
Kg2 Ke7 41. a4 Kd6 42. b4 bxa4 43. Ra5 Kc7 44. Rxa4 Kb6 45. c4 Rf4 46. b5 axb5
47. c5+ 1-0

[Event "XVIII Festival A"]
[Site "Robecchetto con Induno ITA"]
[Date "2007.12.29"]
[Round "4"]
[White "Stella, Andrea"]
[Black "Marinescu, Marian"]
[Result "1-0"]
[WhiteElo "2123"]
[BlackElo "2129"]
[PlyCount "67"]
[EventDate "2007.12.27"]

1. d4 Nf6 2. c4 g6 3. Nc3 Bg7 4. e4 d6 5. Be2 O-O 6. Nf3 e5 7. O-O Nc6 8. d5
Ne7 9. b4 Ne8 10. a4 a5 11. Ba3 h6 12. bxa5 Rxa5 13. Bb4 Ra8 14. c5 f5 15. Nd2
Kh8 16. f3 Ng8 17. Nc4 Rf6 18. cxd6 cxd6 19. Nb5 Bf8 20. f4 Bg7 21. exf5 Bxf5
22. fxe5 dxe5 23. Bc3 Rf8 24. Bxe5 Rc8 25. Qd4 Qe7 26. d6 Qe6 27. d7 Rxc4 28.
Bxg7+ Nxg7 29. Bxc4 Qf6 30. Bxg8 Qxd4+ 31. Nxd4 Kxg8 32. Nxf5 gxf5 33. Rab1 Rb8
34. Rxb7 1-0

[Event "XVIII Festival A"]
[Site "Robecchetto con Induno ITA"]
[Date "2007.12.29"]
[Round "4"]
[White "Tagliaferri, Valerio"]
[Black "Corti, Corrado"]
[Result "1/2-1/2"]
[WhiteElo "1839"]
[BlackElo "2038"]
[PlyCount "71"]
[EventDate "2007.12.27"]

1. c4 e5 2. Nc3 Nf6 3. g3 Be7 4. Bg2 O-O 5. d3 Nc6 6. e4 Nd4 7. Nge2 c5 8. O-O
d6 9. a3 a5 10. b3 Bd7 11. h3 Rb8 12. Be3 b5 13. Rb1 b4 14. axb4 Rxb4 15. Nd5
Nxe2+ 16. Qxe2 Nxd5 17. exd5 Qb8 18. Qc2 Bd8 19. Rfe1 Bf5 20. Kh2 Bg6 21. Bd2
Rb7 22. f4 f6 23. g4 exf4 24. Bxf4 Re8 25. Be4 Rbe7 26. Re2 f5 27. gxf5 Bxf5
28. Rbe1 Bxe4 29. Rxe4 Rxe4 30. Rxe4 Rxe4 31. dxe4 Bc7 32. Qd3 Qf8 33. Qe3 Qf6
34. Kg3 Qg6+ 35. Kh2 Qf6 36. Kg3 1/2-1/2

[Event "XVIII Festival A"]
[Site "Robecchetto con Induno ITA"]
[Date "2007.12.29"]
[Round "5"]
[White "Agrifoglio, Fabio"]
[Black "Brioschi, Camillo"]
[Result "1-0"]
[WhiteElo "1989"]
[BlackElo "1943"]
[PlyCount "85"]
[EventDate "2007.12.27"]

1. g3 Nf6 2. Bg2 g6 3. b3 Bg7 4. Bb2 O-O 5. Nf3 c5 6. O-O Nc6 7. c4 d6 8. d3
Bg4 9. Qd2 Qc8 10. Re1 Bh3 11. Bh1 Rb8 12. Bc3 a6 13. a3 b5 14. cxb5 axb5 15.
b4 Qa6 16. Qb2 Ne8 17. Bxg7 Nxg7 18. Nbd2 Ne6 19. Rec1 Ned4 20. Nxd4 Nxd4 21.
Nb3 Nxb3 22. Qxb3 Qb6 23. bxc5 dxc5 24. Rab1 Rfc8 25. Bd5 e6 26. Bf3 Qd6 27.
Qc3 b4 28. axb4 cxb4 29. Qxc8+ Rxc8 30. Rxc8+ Kg7 31. Rc4 Qa6 32. Rcxb4 Qa2 33.
R4b2 Qa3 34. Bg2 Bxg2 35. Kxg2 Qc3 36. h4 h5 37. Kg1 Kf6 38. Rb4 Kg7 39. Rf4
Qc2 40. Rb7 Qd1+ 41. Kg2 Qxe2 42. Rfxf7+ Kg8 43. Rfc7 1-0

[Event "XVIII Festival A"]
[Site "Robecchetto con Induno ITA"]
[Date "2007.12.29"]
[Round "5"]
[White "Albrizio, Mauro"]
[Black "Fizzotti, Mario"]
[Result "0-1"]
[WhiteElo "1692"]
[BlackElo "1843"]
[PlyCount "28"]
[EventDate "2007.12.27"]

1. e4 e5 2. Nf3 Nf6 3. Nxe5 d6 4. Nf3 Nxe4 5. d4 d5 6. Bd3 Nc6 7. c3 Bd6 8. Qe2
O-O 9. O-O Re8 10. Qc2 Bg4 11. Nbd2 Nxd2 12. Bxh7+ Kh8 13. Ng5 Qxg5 14. Bxd2
Qh5 0-1

[Event "XVIII Festival A"]
[Site "Robecchetto con Induno ITA"]
[Date "2007.12.29"]
[Round "5"]
[White "Astengo, Corrado"]
[Black "La Torre, Giovanni"]
[Result "1-0"]
[WhiteElo "2122"]
[BlackElo "2070"]
[PlyCount "63"]
[EventDate "2007.12.27"]

1. e4 d6 2. d4 Nf6 3. Nc3 g6 4. g3 Bg7 5. Bg2 O-O 6. Nge2 e5 7. O-O Nc6 8. dxe5
dxe5 9. Bg5 Qxd1 10. Raxd1 Be6 11. Nd5 Bxd5 12. exd5 Nd8 13. Nc3 a6 14. d6 c6
15. Bxf6 Bxf6 16. Ne4 Bg7 17. Nc5 f5 18. Rfe1 Re8 19. d7 Re7 20. Nxb7 e4 21.
Nc5 Bxb2 22. Bf1 Ba3 23. Nxa6 Ra7 24. Re3 Bb2 25. Nc5 Kg7 26. Bc4 Bf6 27. Rd6
Re5 28. Ne6+ Kh6 29. Nxd8 Bxd8 30. Rb3 Re7 31. Rb8 e3 32. fxe3 1-0

[Event "XVIII Festival A"]
[Site "Robecchetto con Induno ITA"]
[Date "2007.12.29"]
[Round "5"]
[White "Autino, Massimiliano"]
[Black "Garbarini, Cristiano"]
[Result "1/2-1/2"]
[WhiteElo "1827"]
[BlackElo "1817"]
[PlyCount "71"]
[EventDate "2007.12.27"]

1. d4 Nf6 2. Nf3 g6 3. Nbd2 Bg7 4. e4 d6 5. Bd3 O-O 6. O-O Nbd7 7. Re1 e5 8. c3
c6 9. dxe5 dxe5 10. Qc2 Qc7 11. a4 a5 12. Nc4 Re8 13. Nfd2 Nc5 14. Bf1 Be6 15.
f3 Rad8 16. Nb3 Nxb3 17. Qxb3 Nd7 18. Be3 Bf8 19. Qc2 Bc5 20. Qf2 Bxe3 21. Qxe3
Kg7 22. Red1 Nf8 23. Qc5 Bxc4 24. Bxc4 b6 25. Qe3 Ne6 26. Bxe6 Rxe6 27. Kf1
Red6 28. Ke1 Rxd1+ 29. Rxd1 Rxd1+ 30. Kxd1 Qd6+ 31. Qd2 Qc5 32. Kc2 Qc4 33. b3
Qc5 34. h3 Qa3 35. Qc1 Qc5 36. Qd2 1/2-1/2

[Event "XVIII Festival A"]
[Site "Robecchetto con Induno ITA"]
[Date "2007.12.29"]
[Round "5"]
[White "Brugo, Marco"]
[Black "Raselli, Claudio"]
[Result "1/2-1/2"]
[WhiteElo "2104"]
[BlackElo "1958"]
[PlyCount "56"]
[EventDate "2007.12.27"]

1. d4 f5 2. Nc3 Nf6 3. Bg5 d5 4. e4 dxe4 5. f3 exf3 6. Nxf3 e6 7. Bc4 Bd6 8.
Qe2 Qe7 9. O-O O-O 10. Rae1 Nc6 11. Qd3 h6 12. Nd5 Qf7 13. Nxf6+ gxf6 14. Bxh6
Rd8 15. Qe2 Qh5 16. Bxe6+ Bxe6 17. Qxe6+ Kh7 18. Qxf6 Rg8 19. Be3 Be7 20. Qe6
Rae8 21. Ne5 Nxe5 22. Rxf5 Qg6 23. Qxg6+ Nxg6 24. Rh5+ Kg7 25. Bh6+ Kf6 26.
Bg5+ Kg7 27. Bh6+ Kf6 28. Bg5+ Kg7 1/2-1/2

[Event "XVIII Festival A"]
[Site "Robecchetto con Induno ITA"]
[Date "2007.12.29"]
[Round "5"]
[White "Cereda, Loris"]
[Black "Caloni, Ugo"]
[Result "1/2-1/2"]
[WhiteElo "2052"]
[BlackElo "2155"]
[PlyCount "93"]
[EventDate "2007.12.27"]

1. e4 c5 2. Nc3 Nc6 3. f4 e6 4. Nf3 d5 5. Bb5 Nf6 6. e5 Ng8 7. Bxc6+ bxc6 8. d3
Ba6 9. b3 c4 10. dxc4 Qa5 11. Bd2 Bb4 12. Na4 dxc4 13. Bxb4 Qxb4+ 14. Qd2 Qxd2+
15. Nxd2 cxb3 16. axb3 Ne7 17. Nc5 Bc8 18. Nde4 Nd5 19. g3 Ke7 20. Ke2 h6 21.
Kf3 Rf8 22. Nd6 Bd7 23. c4 Nb6 24. Ke4 Rfd8 25. Rhd1 Be8 26. Na6 Rd7 27. Ra5 f6
28. Rc5 Bg6+ 29. Ke3 Bc2 30. Rd4 Bxb3 31. Rxc6 fxe5 32. fxe5 Ba4 33. Rc5 Rf8
34. Rf4 Rxf4 35. gxf4 Bb3 36. Nb4 g5 37. Nc6+ Kf8 38. Nd4 gxf4+ 39. Kxf4 Bxc4
40. Kg4 Bd5 41. Kh5 Rg7 42. Kxh6 Rg4 43. N4b5 Rh4+ 44. Kg6 Rxh2 45. Nxa7 Rg2+
46. Kh6 Re2 47. Rc7 1/2-1/2

[Event "XVIII Festival A"]
[Site "Robecchetto con Induno ITA"]
[Date "2007.12.29"]
[Round "5"]
[White "Cervini, Gian Piero"]
[Black "Cardani, Roberto"]
[Result "1-0"]
[WhiteElo "1766"]
[BlackElo "1923"]
[PlyCount "28"]
[EventDate "2007.12.27"]

1. e4 c5 2. c3 Nf6 3. e5 Nd5 4. d4 cxd4 5. Bc4 Nb6 6. Bb3 e6 7. cxd4 d6 8. f4
Nc6 9. Nf3 dxe5 10. fxe5 Bb4+ 11. Nc3 Na5 12. Bc2 Nd5 13. Qd3 b6 14. O-O h6 1-0

[Event "XVIII Festival A"]
[Site "Robecchetto con Induno ITA"]
[Date "2007.12.29"]
[Round "5"]
[White "Colombo, Sandro"]
[Black "Primerano, Carlo"]
[Result "1-0"]
[WhiteElo "1868"]
[BlackElo "1761"]
[PlyCount "63"]
[EventDate "2007.12.27"]

1. c4 Nf6 2. Nc3 e6 3. e4 d5 4. e5 d4 5. exf6 dxc3 6. bxc3 Qxf6 7. d4 b6 8. Nf3
Bb7 9. Be2 h6 10. O-O Nd7 11. Qb3 Be7 12. c5 O-O 13. Bb5 c6 14. Be2 e5 15. dxe5
Nxe5 16. cxb6 axb6 17. Qxb6 Rfb8 18. Qd4 Nxf3+ 19. Bxf3 Qxd4 20. cxd4 Bf6 21.
Be3 Rc8 22. Rab1 Ba6 23. Rfc1 Bb5 24. d5 Bd3 25. Rb3 Bg6 26. dxc6 Rxa2 27. c7
Rc2 28. Rxc2 Bxc2 29. Rb8 Bf5 30. Bb7 Be5 31. Bxc8 Bxc7 32. Ra8 1-0

[Event "XVIII Festival A"]
[Site "Robecchetto con Induno ITA"]
[Date "2007.12.29"]
[Round "5"]
[White "Corti, Corrado"]
[Black "Barlocco, Carlo"]
[Result "0-1"]
[WhiteElo "2038"]
[BlackElo "2134"]
[PlyCount "162"]
[EventDate "2007.12.27"]

1. d4 Nf6 2. g3 d5 3. Bg2 Bf5 4. Nf3 e6 5. O-O h6 6. Nbd2 Be7 7. b3 O-O 8. Bb2
c5 9. c3 Nc6 10. Rc1 b5 11. c4 bxc4 12. bxc4 Qb6 13. Qb3 Nxd4 14. Nxd4 cxd4 15.
cxd5 Nxd5 16. Rc4 Bf6 17. Ne4 Bxe4 18. Bxe4 Rab8 19. Qxb6 Nxb6 20. Rb4 Nc4 21.
Rxc4 Rxb2 22. Bd3 Rxa2 23. Rfc1 Ra3 24. Rc8 g6 25. Rxf8+ Kxf8 26. Rc8+ Kg7 27.
Ra8 Be7 28. g4 Bc5 29. Kg2 f5 30. h3 Kf6 31. f3 Bd6 32. Rd8 Ke7 33. Rg8 Kf7 34.
Rd8 Be5 35. Bc4 Rc3 36. Rd7+ Kf6 37. Bd3 a5 38. Ra7 Rc5 39. Ra6 Bf4 40. Kf2
fxg4 41. fxg4 h5 42. Kf3 Bd2 43. Be4 hxg4+ 44. hxg4 Re5 45. Ra8 g5 46. Ra7 Rc5
47. Ra6 Ke5 48. Bd3 Rc1 49. Kg2 Kd5 50. Ra8 e5 51. Rd8+ Kc5 52. Rc8+ Kb4 53.
Rb8+ Ka4 54. Ra8 Kb3 55. Bf5 Rc6 56. Kf3 a4 57. Ke4 a3 58. Kxe5 a2 59. Be6+
Rxe6+ 60. Kxe6 Bc3 61. Kf5 a1=Q 62. Rxa1 Bxa1 63. Kxg5 Kc2 64. Kf4 Kd2 65. Kf3
Bb2 66. g5 Ba3 67. Ke4 Kc3 68. g6 Bf8 69. Kf3 Kd2 70. Ke4 Bg7 71. Kf3 Kc3 72.
Kf2 Kc4 73. Kf3 Kd5 74. Kf4 Bf8 75. Kf3 Bh6 76. Kg4 Ke4 77. Kh5 Bg7 78. Kg5 Ke3
79. Kf5 Kxe2 80. Ke6 d3 81. Kf7 Bd4 0-1

[Event "XVIII Festival A"]
[Site "Robecchetto con Induno ITA"]
[Date "2007.12.29"]
[Round "5"]
[White "D'Apa, Matteo"]
[Black "Griffa, Roberto"]
[Result "1/2-1/2"]
[WhiteElo "2085"]
[BlackElo "2108"]
[PlyCount "56"]
[EventDate "2007.12.27"]

1. d4 d5 2. c4 e6 3. Nf3 c5 4. cxd5 exd5 5. dxc5 Bxc5 6. e3 Nf6 7. Bb5+ Bd7 8.
Bxd7+ Qxd7 9. O-O Nc6 10. Nc3 O-O 11. b3 Rfd8 12. Bb2 Qf5 13. Nb5 Ne4 14. Nbd4
Qh5 15. Nxc6 bxc6 16. Nd4 Qg6 17. Rc1 Rac8 18. f3 Bxd4 19. exd4 Ng5 20. Qc2
Nh3+ 21. Kh1 Nf4 22. Qxg6 Nxg6 23. Rc2 Re8 24. h3 Re6 25. Kh2 Rce8 26. Rd2 Re3
27. Bc1 Rc3 28. Bb2 Rce3 1/2-1/2

[Event "XVIII Festival A"]
[Site "Robecchetto con Induno ITA"]
[Date "2007.12.29"]
[Round "5"]
[White "D'Apa, Stefano"]
[Black "Burlando, Alessandro"]
[Result "0-1"]
[WhiteElo "2140"]
[BlackElo "2058"]
[PlyCount "102"]
[EventDate "2007.12.27"]

1. e4 e6 2. d4 d5 3. Nc3 Bb4 4. e5 c5 5. a3 Bxc3+ 6. bxc3 Ne7 7. Nf3 Nbc6 8.
Bd3 Qa5 9. Qd2 c4 10. Bf1 f6 11. g3 Bd7 12. Bg2 Ng6 13. h4 fxe5 14. h5 Nge7 15.
dxe5 Rf8 16. h6 gxh6 17. O-O O-O-O 18. Qe1 Ng8 19. Bf4 Rf7 20. Qb1 Rdf8 21. Nd4
Nxd4 22. cxd4 Ne7 23. Bxh6 Rg8 24. Qc1 Nf5 25. Bd2 c3 26. Be3 h5 27. Bh3 Qa4
28. Bxf5 Rxf5 29. Rb1 Bb5 30. Rb4 Qa6 31. Re1 h4 32. Bf4 hxg3 33. Bxg3 Be2 34.
Rb3 Bf3 35. Rxc3+ Kb8 36. Ree3 Be4 37. Qe1 Rh5 38. Rxe4 dxe4 39. Qxe4 Rgh8 40.
Rb3 Rh1+ 41. Qxh1 Rxh1+ 42. Kxh1 Qc4 43. Rb4 Qxc2 44. Kg2 Qc6+ 45. f3 Qc3 46.
Bf2 Qxa3 47. Rb5 b6 48. f4 Qd3 49. Rb2 b5 50. Ra2 b4 51. f5 Qxf5 0-1

[Event "XVIII Festival A"]
[Site "Robecchetto con Induno ITA"]
[Date "2007.12.29"]
[Round "5"]
[White "Damia, Angelo"]
[Black "Stella, Andrea"]
[Result "1-0"]
[WhiteElo "2266"]
[BlackElo "2123"]
[PlyCount "103"]
[EventDate "2007.12.27"]

1. e4 e6 2. d4 d5 3. Nc3 Bb4 4. exd5 exd5 5. Qf3 Qe7+ 6. Nge2 Nc6 7. Be3 Nf6 8.
h3 Ne4 9. O-O-O Bxc3 10. Nxc3 Nxc3 11. bxc3 Be6 12. Bb5 a6 13. Bxc6+ bxc6 14.
Kd2 O-O 15. Rb1 Rab8 16. Qg3 Bf5 17. Qe5 Qxe5 18. dxe5 Rfe8 19. a4 h5 20. Bd4
Kh7 21. f3 h4 22. Be3 f6 23. exf6 gxf6 24. Rxb8 Rxb8 25. Bf2 Rg8 26. Rh2 Rb8
27. Bxh4 Rb2 28. Bxf6 Rxc2+ 29. Ke3 c5 30. Be5 Bd7 31. g4 Bxa4 32. Rxc2 Bxc2
33. Bxc7 Kg6 34. Bb6 c4 35. f4 Be4 36. f5+ Kg5 37. Bd8+ Kh6 38. Kf4 Bd3 39. g5+
Kg7 40. g6 d4 41. cxd4 c3 42. Ke5 c2 43. Bg5 a5 44. h4 a4 45. Bc1 Be2 46. d5
Ba6 47. h5 Bb5 48. h6+ Kg8 49. Ke6 Be8 50. Ke7 a3 51. Kxe8 a2 52. Bb2 1-0

[Event "XVIII Festival A"]
[Site "Robecchetto con Induno ITA"]
[Date "2007.12.29"]
[Round "5"]
[White "Di Chiara, Mauro"]
[Black "Pepa, Syrja"]
[Result "0-1"]
[WhiteElo "1747"]
[BlackElo "1828"]
[PlyCount "98"]
[EventDate "2007.12.27"]

1. d4 Nf6 2. g3 e6 3. c4 d5 4. Nf3 Be7 5. Nc3 O-O 6. Bg2 b6 7. O-O Bb7 8. Ne5
Nbd7 9. Nxd7 Qxd7 10. f4 c5 11. cxd5 Nxd5 12. e4 cxd4 13. Nxd5 exd5 14. exd5
Bxd5 15. Bxd5 Qxd5 16. Qd3 Bc5 17. Be3 Rfe8 18. Bf2 Re6 19. Rfe1 Rae8 20. a3 a5
21. Rxe6 Rxe6 22. Rd1 a4 23. Rd2 h6 24. Qb5 Qc6 25. Qxc6 Rxc6 26. Kf1 Re6 27.
Bxd4 Rd6 28. Bc3 Rxd2 29. Bxd2 f5 30. Ke2 Kf7 31. Be3 Ke6 32. Bxc5 bxc5 33. Kd3
Kd5 34. Kc3 Ke4 35. b3 axb3 36. Kxb3 Kd3 37. Kb2 c4 38. Kc1 Kc3 39. h3 Kb3 40.
g4 Kxa3 41. Kc2 Kb4 42. gxf5 c3 43. f6 gxf6 44. h4 h5 45. Kd3 Kb3 46. Ke4 c2
47. Kf5 c1=Q 48. Kg6 Qxf4 49. Kxh5 Qg3 0-1

[Event "XVIII Festival A"]
[Site "Robecchetto con Induno ITA"]
[Date "2007.12.29"]
[Round "5"]
[White "Madaschi, Sergio"]
[Black "Tagliaferri, Valerio"]
[Result "0-1"]
[WhiteElo "1632"]
[BlackElo "1839"]
[PlyCount "74"]
[EventDate "2007.12.27"]

1. e4 c5 2. Nc3 d6 3. g3 Nf6 4. Bg2 g6 5. d3 Bg7 6. Bd2 Nc6 7. Nge2 Be6 8. O-O
O-O 9. Nf4 Bg4 10. f3 Bd7 11. Qc1 Rb8 12. Nfd5 e6 13. Nxf6+ Bxf6 14. Ne2 b5 15.
c3 b4 16. Be3 bxc3 17. bxc3 Qa5 18. Qc2 Ne5 19. Rab1 Ba4 20. Qd2 Bb5 21. c4
Qxd2 22. Bxd2 Ba4 23. Bc3 Bc2 24. Rxb8 Rxb8 25. f4 Ng4 26. Bxf6 Nxf6 27. e5
dxe5 28. fxe5 Ng4 29. d4 Bd3 30. Bf3 Ne3 31. Re1 Nc2 32. Rc1 Bxe2 33. Bxe2 Nxd4
34. Bd3 Rb2 35. Rb1 Nf3+ 36. Kf1 Nxh2+ 37. Ke1 Nf3+ 0-1

[Event "XVIII Festival A"]
[Site "Robecchetto con Induno ITA"]
[Date "2007.12.29"]
[Round "5"]
[White "Marinescu, Marian"]
[Black "Astengo, Marcello"]
[Result "0-1"]
[WhiteElo "2129"]
[BlackElo "2024"]
[PlyCount "80"]
[EventDate "2007.12.27"]

1. Nf3 d5 2. g3 c5 3. Bg2 Nc6 4. O-O e5 5. d3 Bg4 6. c4 d4 7. b4 cxb4 8. a3 Qa5
9. Nbd2 bxa3 10. Bxa3 Bxa3 11. Qb3 Qb4 12. Rxa3 Qxb3 13. Rxb3 Bc8 14. e3 dxe3
15. fxe3 Nf6 16. Ng5 O-O 17. Nge4 Nd7 18. Nd6 Nc5 19. Rb5 Nxd3 20. Nxc8 Raxc8
21. Rxb7 f6 22. Ne4 Rfd8 23. Nxf6+ gxf6 24. Rxf6 Nc5 25. Rb5 Rd1+ 26. Kf2 Rd2+
27. Kf1 Ne7 28. Bh3 Rc7 29. Rb8+ Kg7 30. Rff8 Rxh2 31. Bg4 Ne4 32. Be6 Ng6 33.
Rg8+ Kh6 34. Kg1 Re2 35. Rgc8 Rxc8 36. Rxc8 Rxe3 37. c5 Rxg3+ 38. Kf1 Nf4 39.
Bf5 Rf3+ 40. Kg1 Ne2+ 0-1

[Event "XVIII Festival A"]
[Site "Robecchetto con Induno ITA"]
[Date "2007.12.29"]
[Round "5"]
[White "Marinone, Lucio"]
[Black "Brunetti, Alessandro"]
[Result "1/2-1/2"]
[WhiteElo "2015"]
[BlackElo "2002"]
[PlyCount "86"]
[EventDate "2007.12.27"]

1. d4 d5 2. Nf3 c6 3. c4 e6 4. Qc2 Nf6 5. Bg5 Nbd7 6. e3 Be7 7. Bd3 O-O 8. O-O
h6 9. Bh4 Re8 10. Nbd2 Nf8 11. a3 N6d7 12. Bg3 Bf6 13. Rfd1 Be7 14. Rac1 Bf6
15. h3 Be7 16. b4 a6 17. e4 dxe4 18. Nxe4 Nf6 19. Ne5 Nxe4 20. Bxe4 Bg5 21. f4
Bh4 22. Qf2 Bf6 23. Kh1 Qb6 24. Qf3 a5 25. Nxc6 axb4 26. c5 Qb5 27. Nxb4 Ra7
28. Rb1 Qa5 29. c6 Qxa3 30. cxb7 Qxf3 31. b8=Q Qa3 32. Rd3 Qa4 33. Bc6 Bd7 34.
Qxe8 Bxe8 35. Bxa4 Rxa4 36. Nc2 Rc4 37. Na3 Rxd4 38. Rxd4 Bxd4 39. Rb8 Bc6 40.
Nc4 Bd5 41. Ne5 Bxe5 42. fxe5 g6 43. h4 Kg7 1/2-1/2

[Event "XVIII Festival A"]
[Site "Robecchetto con Induno ITA"]
[Date "2007.12.29"]
[Round "5"]
[White "Raineri, Pieroberto"]
[Black "Quirico, Paolo"]
[Result "1/2-1/2"]
[WhiteElo "1614"]
[BlackElo "2092"]
[PlyCount "49"]
[EventDate "2007.12.27"]

1. d4 Nf6 2. c4 e5 3. dxe5 Ng4 4. Nf3 Bc5 5. e3 Nc6 6. Be2 O-O 7. O-O Re8 8. a3
a5 9. Nc3 Ngxe5 10. b3 Nxf3+ 11. Bxf3 Ne5 12. Be4 Ra6 13. Nd5 Rh6 14. g3 d6 15.
Bg2 Bg4 16. f3 Bh3 17. Bxh3 Rxh3 18. Kg2 Qd7 19. Nxc7 Rh6 20. Nxe8 Qh3+ 21. Kf2
Qxh2+ 22. Ke1 Qxg3+ 23. Kd2 Rh2+ 24. Kc3 Nc6 25. Nf6+ 1/2-1/2

[Event "XVIII Festival A"]
[Site "Robecchetto con Induno ITA"]
[Date "2007.12.29"]
[Round "5"]
[White "Romano, Zeno"]
[Black "Bianchi, Alberto"]
[Result "1-0"]
[WhiteElo "1931"]
[BlackElo "2014"]
[PlyCount "93"]
[EventDate "2007.12.27"]

1. e4 e5 2. Nf3 Nc6 3. Bc4 Be7 4. d4 Nf6 5. Nxe5 Nxe5 6. dxe5 Nxe4 7. Qd5 O-O
8. Qxe4 c6 9. O-O d5 10. exd6 Bxd6 11. Re1 Qa5 12. Nc3 Qh5 13. g3 Bf5 14. Qe2
Qh3 15. Bd3 Bd7 16. Be3 Rfe8 17. Qd2 Bb4 18. Rad1 Be6 19. a3 Bxc3 20. Qxc3 Bd5
21. Bf1 Qf5 22. Bg2 Be6 23. Qd3 Qa5 24. Bd2 Qb6 25. Bc3 Rad8 26. Qe3 Rxd1 27.
Rxd1 Qxe3 28. fxe3 f6 29. Bd4 a6 30. Bb6 Bf5 31. Rd8 Rxd8 32. Bxd8 Bxc2 33. Bh3
f5 34. Kf2 Kf7 35. g4 g6 36. gxf5 gxf5 37. Kf3 h6 38. Kf4 Ke6 39. Bb6 Be4 40.
Bd4 b5 41. Bg7 h5 42. Kg5 a5 43. Kxh5 Kd5 44. Kg5 c5 45. Bxf5 Bf3 46. Bd3 Kc6
47. h4 1-0

[Event "XVIII Festival A"]
[Site "Robecchetto con Induno ITA"]
[Date "2007.12.29"]
[Round "5"]
[White "Ronconi, Fausto"]
[Black "Bernasconi, Roberto"]
[Result "1/2-1/2"]
[WhiteElo "1720"]
[BlackElo "1940"]
[PlyCount "62"]
[EventDate "2007.12.27"]

1. c4 c5 2. Nc3 Nc6 3. g3 g6 4. Bg2 Bg7 5. Nf3 Nf6 6. O-O O-O 7. d4 cxd4 8.
Nxd4 Nxd4 9. Qxd4 d6 10. Qd3 Bf5 11. e4 Be6 12. b3 Nd7 13. Bb2 Nc5 14. Qe2 Re8
15. Nd5 Qc8 16. Bxg7 Kxg7 17. Qb2+ Kg8 18. Rad1 f6 19. Qd2 Kg7 20. f4 Bf7 21.
e5 dxe5 22. fxe5 Bxd5 23. Bxd5 f5 24. Qg5 h6 25. Qe3 e6 26. Bg2 Qc7 27. Rd4
Rad8 28. Rfd1 Rxd4 29. Rxd4 b6 30. Qd2 Re7 31. Qe3 Rd7 1/2-1/2

[Event "XVIII Festival A"]
[Site "Robecchetto con Induno ITA"]
[Date "2007.12.29"]
[Round "5"]
[White "Virzi, Ettore"]
[Black "Marchesotti, Giovanni"]
[Result "1-0"]
[WhiteElo "1956"]
[BlackElo "1668"]
[PlyCount "57"]
[EventDate "2007.12.27"]

1. e4 c5 2. Nf3 e6 3. d4 cxd4 4. Nxd4 a6 5. Bd3 Nc6 6. Nxc6 bxc6 7. Nc3 Nf6 8.
O-O Qc7 9. Qe2 e5 10. Re1 Be7 11. Bd2 O-O 12. Kh1 d6 13. f3 Re8 14. Bg5 Nd7 15.
Bxe7 Rxe7 16. Bc4 Nb6 17. Bb3 Be6 18. Rad1 Rd7 19. Na4 Nxa4 20. Bxa4 d5 21.
exd5 Bxd5 22. c4 Be6 23. Rxd7 Bxd7 24. Qd2 Be6 25. Qc3 f6 26. Rd1 c5 27. Qd3
Bf7 28. b3 Be8 29. Qd5+ 1-0

[Event "XVIII Festival A"]
[Site "Robecchetto con Induno ITA"]
[Date "2007.12.29"]
[Round "5"]
[White "Volpe, Antonio"]
[Black "Battistella, Gianmaria"]
[Result "1-0"]
[WhiteElo "1687"]
[BlackElo "1739"]
[PlyCount "54"]
[EventDate "2007.12.27"]

1. e4 e6 2. f4 d5 3. e5 c5 4. Nf3 Nc6 5. Be2 Qb6 6. O-O Bd7 7. Kh1 Nh6 8. Nc3
Nf5 9. a4 a6 10. d3 Be7 11. Rb1 Rc8 12. Bd2 Ncd4 13. b3 O-O 14. Rg1 Qc7 15. Rc1
Qb8 16. Qe1 b5 17. axb5 axb5 18. g4 Nxf3 19. Bxf3 Nh4 20. Qg3 Nxf3 21. Qxf3 b4
22. Ne2 d4 23. Ng3 f5 24. exf6 Bxf6 25. Ne4 Bc6 26. Rce1 Bh4 27. Re2 g5 1-0